[Event "CrunchLab Masters Div 2 L"]
[Site "chess.com INT"]
[Date "2024.07.21"]
[Round "2.2"]
[White "Matlakov,M"]
[Black "Nakamura,Hi"]
[Result "1/2-1/2"]
[WhiteElo "2651"]
[BlackElo "2802"]

1.Nf3 Nf6 2.c4 e6 3.g3 b6 4.d4 Bb7 5.Bg2 Bb4+ 6.Bd2 Bxd2+ 7.Qxd2 O-O 8.O-O d6
9.Rd1 Nbd7 10.Qc2 Be4 11.Qc1 Bb7 12.Qe3 d5 13.Ne5 c6 14.Nd2 Qe7 15.Rac1 Rfc8
16.Nxd7 Nxd7 17.Rc2 Re8 18.cxd5 exd5 19.Qxe7 Rxe7 20.e4 Nf8 21.e5 Ne6 22.Nf1 a5
23.Ne3 g6 24.f4 Rd8 25.f5 Nc7 26.f6 Ree8 27.h4 Na6 28.Rcd2 Bc8 29.g4 Nc7
30.Kf2 h6 31.Kg3 Bd7 32.Bf3 Ne6 33.Ng2 Rc8 34.Nf4 Nxf4 35.Kxf4 Rc7 36.Rc1 Be6
37.Rdc2 Rec8 38.g5 h5 39.Be2 c5 40.Ba6 Ra8 41.Bb5 Rac8 42.b3 Kf8 43.Rc3 Bg4
44.a3 Be6 45.b4 c4 46.bxa5 bxa5 47.a4 Rb8 48.R3c2 Rcb7 49.Rb2 Rb6 50.Ke3 Bd7
51.Rcb1 Bf5 52.Rc1 Bd7 53.Rcb1 Bf5 54.Rc1 Bd7  1/2-1/2

[Event "CrunchLab Masters Div 2 L"]
[Site "chess.com INT"]
[Date "2024.07.21"]
[Round "3.2"]
[White "Durarbayli,Vasif"]
[Black "Nakamura,Hi"]
[Result "0-1"]
[WhiteElo "2628"]
[BlackElo "2802"]

1.e4 e5 2.Nf3 Nc6 3.Bc4 Nf6 4.d3 h6 5.O-O Bc5 6.c3 d6 7.b4 Bb6 8.a4 a5 9.b5 Ne7
10.Be3 Bxe3 11.fxe3 Ng6 12.Qb3 O-O 13.Nbd2 c6 14.d4 d5 15.Bd3 dxe4 16.Nxe4 Nxe4
17.Bxe4 Be6 18.c4 f5 19.Bb1 e4 20.Nd2 c5 21.Qc3 b6 22.dxc5 bxc5 23.Nxe4 fxe4
24.Bxe4 Qg5 25.Bxa8 Rxa8 26.Qd3 Re8 27.b6 Ne5 28.Qe4 Nxc4 29.b7 Qd5 30.Rf4 Rb8
31.Qxd5 Bxd5 32.Rf5 Be6 33.Rxc5 Rxb7 34.e4 Kh7 35.Rd1 Rb2 36.Rd3 Ra2 37.Rc6 Ne5  0-1

[Event "CrunchLab Masters Div 2 L"]
[Site "chess.com INT"]
[Date "2024.07.21"]
[Round "3.1"]
[White "Nakamura,Hi"]
[Black "Durarbayli,Vasif"]
[Result "1-0"]
[WhiteElo "2802"]
[BlackElo "2628"]

1.Nf3 Nf6 2.g3 b6 3.Bg2 Bb7 4.O-O e6 5.c4 Be7 6.d4 O-O 7.Re1 Ne4 8.Bf4 d5
9.cxd5 exd5 10.Nc3 c5 11.Rc1 Nc6 12.dxc5 Bxc5 13.e3 Nxc3 14.bxc3 h6 15.h4 Re8
16.g4 Na5 17.h5 Be7 18.Nd4 Rc8 19.Qf3 Nc4 20.Nf5 Bf6 21.Qe2 Be5 22.Bxe5 Nxe5
23.Red1 Rc5 24.f4 Nc4 25.e4 Qc7 26.e5 f6 27.Rd4 fxe5 28.fxe5 Qxe5 29.Qf2 Nd6
30.Rf4 Nxf5 31.Rxf5 Qd6 32.Rf4 Rcc8 33.c4 Rf8 34.Rf1 Rxf4 35.Qxf4 Qc5+ 36.Kh2 Qe7
37.cxd5 Rc2 38.Kh3 Rxa2 39.Be4 Ra3+ 40.Kg2 Ra2+ 41.Kg1 Qe8 42.Qf5 g6 43.hxg6 Bc8
44.Qf6  1-0

[Event "CrunchLab Masters Div 2 L"]
[Site "chess.com INT"]
[Date "2024.07.22"]
[Round "4.3"]
[White "Moussard,J"]
[Black "Nakamura,Hi"]
[Result "0-1"]
[WhiteElo "2590"]
[BlackElo "2802"]

1.c4 e6 2.Nc3 d5 3.d4 a6 4.cxd5 exd5 5.Nf3 Nf6 6.Bg5 Be6 7.e3 Nbd7 8.h3 Bd6
9.Bd3 h6 10.Bf4 Qe7 11.Bxd6 Qxd6 12.Rc1 O-O 13.O-O Rfd8 14.a3 c5 15.dxc5 Nxc5
16.Bb1 Rac8 17.Nd4 Bd7 18.Qf3 Na4 19.Nxa4 Bxa4 20.Qe2 Rc7 21.Rxc7 Qxc7 22.Qd2 Rc8
23.Qb4 Bd7 24.Bd3 g6 25.Ne2 Kg7 26.Rc1 Qb8 27.Rc3 Be6 28.Nf4 Re8 29.Qb6 Re7
30.Bxg6 d4 31.Rd3 Qe5 32.Qb4 Rd7 33.Rxd4 fxg6 34.Rxd7+ Bxd7 35.Qxb7 Qd6 36.Qb3 g5
37.Ne2 Qd5 38.Qxd5 Nxd5 39.Nd4 Kf6 40.Kf1 Ke5 41.Nf3+ Kd6 42.Ke2 Bb5+ 43.Kd2 Bf1
44.Ne1 Nb6 45.b3 a5 46.Kc3 Ke5 47.Nf3+ Kd6 48.Ne1 Ke5 49.h4 g4 50.g3 Ke4
51.b4 Nd5+ 52.Kb3 axb4 53.axb4 Nb6 54.Kc3 Nd5+ 55.Kb3 Nb6 56.Nc2 Kf3 57.Nd4+ Kxf2
58.Nf5 Bd3 59.Nxh6 Kxg3 60.Kc3 Bh7 61.Kd4 Kxh4 62.e4 g3 63.Ke3 Kh3 64.Nf7 g2
65.Ng5+ Kg3 66.Nf3 Nc4+ 67.Ke2 Bxe4 68.Ng1 Ne5 69.Ke3 Ba8 70.b5 Nc4+ 71.Kd4 Nd6
72.b6 Nc8 73.Kc5 Kf2 74.Nh3+ Kf1 75.Kb5 Bb7 76.Kc5 Bf3 77.Kb5 Nd6+ 78.Kc5 Nf5
79.Kb5 Bb7 80.Kc5 Ng7 81.Kd6 Nh5 82.Kc7 Ba8 83.Kb8 Bc6 84.Kc7 Bf3 85.Kd6 Nf4
86.Nxf4 g1=Q 87.Ne6 Qxb6+ 88.Ke7 Bg4 89.Nf4 Qc7+ 90.Kf6 Qxf4+ 91.Kg6 Qf5+
92.Kg7 Qe6 93.Kf8 Qd7 94.Kg8 Qe7 95.Kh8 Kf2 96.Kg8 Kf3 97.Kh8 Kf4 98.Kg8 Kf5
99.Kh8 Kg5 100.Kg8 Kg6 101.Kh8 Qd8+  0-1

[Event "CrunchLab Masters Div 2 L"]
[Site "chess.com INT"]
[Date "2024.07.22"]
[Round "4.2"]
[White "Nakamura,Hi"]
[Black "Moussard,J"]
[Result "1/2-1/2"]
[WhiteElo "2802"]
[BlackElo "2590"]

1.d4 Nf6 2.c4 e6 3.Nc3 d5 4.e3 a6 5.b3 c5 6.Nf3 Nc6 7.dxc5 Bxc5 8.Be2 dxc4
9.Qxd8+ Kxd8 10.Bxc4 b5 11.Be2 Bb7 12.Bb2 Ke7 13.O-O Rhd8 14.Rfc1 Bd6 15.Ne1 Rac8
16.Bf3 Na5 17.Bxb7 Nxb7 18.Ne2 e5 19.Ng3 Ke6 20.Nf3 h6 21.Kf1 Nd7 22.Ke2 a5
23.Ne4 a4 24.Nxd6 Nxd6 25.Nd2 f5 26.Ba3 Nb6 27.Bxd6 Kxd6 28.e4 f4 29.Nf3 g5
30.Ne1 Rxc1 31.Rxc1 Ra8 32.Rd1+ Ke6 33.Rc1 axb3 34.axb3 Kd6 35.Rd1+ Ke6 36.Nd3 Nd7
37.b4 Ra2+ 38.Rd2 Rxd2+ 39.Kxd2  1/2-1/2

[Event "CrunchLab Masters Div 2 L"]
[Site "chess.com INT"]
[Date "2024.07.22"]
[Round "4.1"]
[White "Moussard,J"]
[Black "Nakamura,Hi"]
[Result "1/2-1/2"]
[WhiteElo "2590"]
[BlackElo "2802"]

1.c4 e6 2.Nc3 d5 3.d4 a6 4.cxd5 exd5 5.Bf4 Nf6 6.e3 Bd6 7.Bg5 c6 8.Bd3 h6
9.Bh4 Be6 10.Nge2 Nbd7 11.h3 Qc7 12.f4 Nb6 13.O-O O-O-O 14.a4 Kb8 15.a5 Nc8
16.Bxf6 gxf6 17.Na4 Ne7 18.Nc5 Bc8 19.b4 Nf5 20.Qd2 Rhg8 21.Kh1 Qe7 22.Rf3 Rde8
23.Bxf5 Bxf5 24.Nc3 h5 25.Re1 Qd8 26.Qf2 Re7 27.Qh4 Ree8 28.Qf2 Re7 29.Qh4 Ree8
30.Qf2  1/2-1/2

[Event "CrunchLab Masters Div 2 L"]
[Site "chess.com INT"]
[Date "2024.07.22"]
[Round "5.3"]
[White "Fedoseev,Vl3"]
[Black "Nakamura,Hi"]
[Result "0-1"]
[WhiteElo "2687"]
[BlackElo "2802"]

1.d4 Nf6 2.c4 c6 3.Nc3 d5 4.e3 e6 5.Nf3 a6 6.c5 Nbd7 7.b4 b6 8.a3 a5 9.Rb1 Qc7
10.Bd2 axb4 11.axb4 bxc5 12.dxc5 e5 13.Be2 Be7 14.O-O O-O 15.Qc2 Ba6 16.Bxa6 Rxa6
17.e4 d4 18.Ne2 Rfa8 19.Nc1 Qb8 20.Re1 Qb5 21.Qd3 Ne8 22.Qxb5 cxb5 23.Nb3 f6
24.Rec1 Nb8 25.Ne1 Nc6 26.Nd3 Bd8 27.f4 g6 28.fxe5 fxe5 29.Na5 Bc7 30.Nxc6 Rxc6
31.Bg5 Ra3 32.Rd1 Kf7 33.Rf1+ Kg7 34.Rf3 h6 35.Bh4 Ra7 36.Rbf1 Bb8 37.Rf8 Re6
38.Bg3 Rae7 39.h3 Bc7 40.Bh4 g5 41.Bg3 Nf6 42.Rc8 Nxe4 43.Bh2 Nd2 44.Re1 Nc4
45.Nf2 Ne3 46.Ne4 Nd5 47.Nd6 Bxd6 48.cxd6 Rxd6 49.Bxe5+ Kh7 50.Bxd6 Rxe1+
51.Kf2 Re6 52.Rd8 d3 53.Bg3 Nxb4 54.Rd4 Nc6 55.Rxd3 b4 56.Rd7+ Kg6 57.Rb7 Kf5
58.Bh2 Ke4 59.Kg3 Kd4 60.Kg4 Kc4 61.Kf5 Nd4+ 62.Kg4 b3 63.Rb8 Nb5 64.Kf5 b2
65.Kxe6 b1=Q 66.Rc8+ Kb3 67.Be5 Qf1 68.Rc5 Kb4 69.Rc2 Kb3 70.Rb2+ Kc4 71.Rc2+ Kd3
72.Rb2 Nd4+ 73.Ke7 Nc6+  0-1

[Event "CrunchLab Masters Div 2 L"]
[Site "chess.com INT"]
[Date "2024.07.22"]
[Round "5.1"]
[White "Fedoseev,Vl3"]
[Black "Nakamura,Hi"]
[Result "1-0"]
[WhiteElo "2687"]
[BlackElo "2802"]

1.d4 Nf6 2.c4 c6 3.Nc3 d5 4.e3 e6 5.Nf3 a6 6.c5 Nbd7 7.b4 b6 8.a3 a5 9.Rb1 Qc7
10.Bd2 axb4 11.axb4 bxc5 12.dxc5 e5 13.Be2 g6 14.O-O Bg7 15.b5 Bb7 16.bxc6 Bxc6
17.Nb5 Bxb5 18.Bxb5 O-O 19.c6 Nb6 20.Qc2 e4 21.Nd4 Ng4 22.g3 Ne5 23.Bb4 Rfb8
24.Bc5 h5 25.Bxb6 Rxb6 26.Qc5 Rd8 27.Be2 Rxc6 28.Nxc6 Qxc6 29.Qxc6 Nxc6 30.Rfc1 Ne5
31.Rd1 Nc6 32.Rb6 Ne7 33.Rb7 Kf8 34.h3 f5 35.Kf1 Bf6 36.h4 d4 37.exd4 Rxd4
38.Rxd4 Bxd4 39.Bc4 Bc5 40.Ke2 Kg7 41.Rb5 Bd4 42.Ra5 Bb6 43.Ra6 Bc5 44.Re6 Ba3
45.f3 exf3+ 46.Kxf3 Bb4 47.Kf4 Ng8 48.Rb6 Bd2+ 49.Ke5 Bc3+ 50.Ke6 Nh6 51.Rb7+ Kh8
52.Bb5 Bg7 53.Be8 Kh7 54.Rb6 f4 55.gxf4 Nf5 56.Bc6 Nxh4 57.Be4 Bd4 58.Rb3 Kh6
59.Kf7 Bc5 60.Rd3 Bb4 61.Rd8 Bc3 62.Rd6 Bb4 63.Rd7 Bc3 64.Kg8  1-0

[Event "CrunchLab Masters Div 2 L"]
[Site "chess.com INT"]
[Date "2024.07.22"]
[Round "5.2"]
[White "Nakamura,Hi"]
[Black "Fedoseev,Vl3"]
[Result "1-0"]
[WhiteElo "2802"]
[BlackElo "2687"]

1.e4 e5 2.Bc4 Nf6 3.d3 c6 4.Nf3 d5 5.Bb3 Bd6 6.Nc3 O-O 7.Qe2 dxe4 8.dxe4 h6
9.h3 b6 10.g4 Ba6 11.Bc4 b5 12.Bd3 b4 13.Nd1 Bxd3 14.cxd3 Nbd7 15.Ne3 Nc5
16.O-O Bc7 17.Rd1 Ne6 18.Nf5 c5 19.Be3 h5 20.Kh1 hxg4 21.Ng5 Nd4 22.Bxd4 exd4
23.hxg4 Nd7 24.Qd2 Ne5 25.f4 Ng6 26.Nh3 Rc8 27.b3 Re8 28.Rg1 Bb8 29.Raf1 a5
30.Rg3 Qd7 31.Qh2 Nf8 32.g5 g6 33.Nh6+ Kg7 34.Nf2 Bxf4 35.Nfg4 Bxg5 36.Rxf7+ Qxf7
37.Nxf7 Kxf7 38.Qh8 Ke7 39.Qe5+ Ne6 40.Rh3 Rf8 41.Rh7+ Rf7 42.Rxf7+ Kxf7
43.Kg1 Rd8 44.Kf1 Ke7 45.Qh2 Rf8+ 46.Ke1 Nf4 47.Nf2 Ke6 48.Kd1 Nh5 49.Qg2 Be3
50.Qxg6+ Kd7 51.Qxh5 Rxf2 52.Qxc5 Rxa2 53.e5 Rd2+ 54.Ke1 Ke6 55.Qd6+ Kf5
56.e6 Bg5 57.e7 Rxd3 58.e8=Q Re3+ 59.Qxe3 Bxe3 60.Qd5+ Kf4 61.Ke2  1-0

[Event "CrunchLab Masters Div 2 L"]
[Site "chess.com INT"]
[Date "2024.07.22"]
[Round "6.3"]
[White "Grischuk,A"]
[Black "Nakamura,Hi"]
[Result "1-0"]
[WhiteElo "2708"]
[BlackElo "2802"]

1.d4 d5 2.c4 c5 3.cxd5 Nf6 4.dxc5 Qxd5 5.Qxd5 Nxd5 6.a3 e6 7.e4 Nf6 8.b4 a5
9.Bb2 axb4 10.axb4 Rxa1 11.Bxa1 Nc6 12.Bb5 Bd7 13.Bxc6 Bxc6 14.f3 b6 15.Nc3 bxc5
16.b5 Bb7 17.Nge2 c4 18.Na4 Ba3 19.Bb2 Bb4+ 20.Bc3 Bxc3+ 21.Nexc3 Nd7 22.Ke2 Ke7
23.Rd1 g5 24.Ke3 Rb8 25.Rd4 Ne5 26.Nb6 f6 27.Nxc4 Rc8 28.Nxe5 Rxc3+ 29.Rd3 Rxd3+
30.Nxd3 Kd6 31.Kd4 e5+ 32.Kc4 g4 33.Nc5 Bc8 34.b6  1-0

[Event "CrunchLab Masters Div 2 L"]
[Site "chess.com INT"]
[Date "2024.07.22"]
[Round "6.2"]
[White "Grischuk,A"]
[Black "Nakamura,Hi"]
[Result "1/2-1/2"]
[WhiteElo "2708"]
[BlackElo "2802"]

1.d4 Nf6 2.c4 c6 3.Nf3 d5 4.Nc3 e6 5.Bg5 h6 6.Bh4 Be7 7.e3 O-O 8.Bd3 dxc4
9.Bxc4 b5 10.Bd3 Nbd7 11.O-O Bb7 12.a3 a5 13.Ne5 Nxe5 14.dxe5 Nd7 15.Bxe7 Qxe7
16.f4 f5 17.Ne2 Rfd8 18.Nd4 c5 19.Nxb5 c4 20.Nd6 Nxe5 21.fxe5 cxd3 22.Rf4 Ba6
23.Rd4 Kh7 24.h3 Rdb8 25.b4 Rb6 26.Rc1 Rab8 27.Qd2 Qg5 28.Kh2 axb4 29.axb4 Bb7
30.b5 Be4 31.Nxe4 fxe4 32.Rxe4 Rxb5 33.Qxd3 Qg6 34.Rd4  1/2-1/2

[Event "CrunchLab Masters Div 2 L"]
[Site "chess.com INT"]
[Date "2024.07.22"]
[Round "6.1"]
[White "Nakamura,Hi"]
[Black "Grischuk,A"]
[Result "1/2-1/2"]
[WhiteElo "2802"]
[BlackElo "2708"]

1.e4 e5 2.Bc4 Nf6 3.d3 c6 4.Nf3 d5 5.Bb3 a5 6.a3 a4 7.Ba2 Bd6 8.Nc3 d4 9.Ne2 h6
10.h3 c5 11.g4 Nc6 12.Ng3 g6 13.c3 Qe7 14.cxd4 cxd4 15.Bd2 Be6 16.Bxe6 Qxe6
17.Rc1 Nd7 18.Rc4 Nb6 19.Rc2 Qb3 20.Ke2 Nd7 21.Qc1 Nd8 22.h4 Ne6 23.h5 Ndc5
24.Ne1 Kd7 25.hxg6 fxg6 26.Rc4 Qb5 27.Rb4 Qa6 28.Qc4 Qxc4 29.Rxc4 b5 30.Rc2 Rac8
31.Kd1 Be7 32.Rxh6 Rxh6 33.Bxh6 Bh4 34.Bd2 Bxg3 35.fxg3 Rh8 36.Bb4 Na6 37.Nf3 Nxb4
38.axb4 Kd6 39.Rh2 Rxh2 40.Nxh2 Nd8 41.Nf3 Nc6 42.Nh4 Nxb4 43.Kd2 Na6 44.Nxg6 b4
45.g5 a3 46.bxa3 bxa3 47.Kc2 Nb4+ 48.Kb3 a2 49.Kb2 Nxd3+ 50.Kxa2 Nf2 51.Nh4 Nxe4
52.g6 Ke6 53.g7 Nf6 54.Nf3 d3 55.Nd2 Kf7 56.Kb3 Kxg7 57.Kc4 e4 58.Nxe4 Nxe4
59.Kxd3 Nxg3  1/2-1/2

[Event "Titled Tue 23rd Jul Late"]
[Site "chess.com INT"]
[Date "2024.07.23"]
[Round "1"]
[White "Nakamura,Hi"]
[Black "Bambino Filho,A"]
[Result "1-0"]
[WhiteElo "2802"]
[BlackElo "2168"]

1.e3 e6 2.Ne2 d5 3.Ng3 c6 4.d4 f5 5.b3 Nf6 6.c4 Bd6 7.Bd3 O-O 8.O-O Ne4 9.Ba3 Bxa3
10.Nxa3 Qh4 11.Bxe4 fxe4 12.f3 exf3 13.Rxf3 Rxf3 14.Qxf3 Nd7 15.Rf1 Nf6 16.Nb1 Bd7
17.Nd2 Rf8 18.Qe2 Be8 19.Nf3 Qh6 20.Ne5 Bh5 21.Qe1 Bg6 22.Rf4 Be8 23.Ne2 g6
24.Nc1 Ne4 25.Rxf8+ Qxf8 26.Ncd3 Qf6 27.Nf2 Nxf2 28.Qxf2 Qxf2+ 29.Kxf2 b6
30.e4 Kf8 31.h4 Ke7 32.g4 Kd6 33.Ke3 c5 34.g5 a5 35.Ng4 Bf7 36.e5+ Ke7 37.Nf6 dxc4
38.bxc4 Be8 39.dxc5 bxc5 40.Ne4  1-0

[Event "Titled Tue 23rd Jul Early"]
[Site "chess.com INT"]
[Date "2024.07.23"]
[Round "1"]
[White "Bakhrillaev,Bakhrom"]
[Black "Nakamura,Hi"]
[Result "0-1"]
[WhiteElo "2344"]
[BlackElo "2802"]

1.d4 g6 2.e4 Bg7 3.c4 d6 4.Nc3 Nd7 5.Be3 a6 6.Qd2 c5 7.Nge2 Ngf6 8.f3 O-O
9.h4 h5 10.d5 Ne5 11.Nf4 b5 12.cxb5 axb5 13.Bxb5 Ba6 14.Bxa6 Rxa6 15.b3 Qa5
16.O-O Rb8 17.Rfc1 c4 18.Rab1 cxb3 19.axb3 Nfd7 20.Na4 Qxd2 21.Bxd2 Bh6 22.Rc2 Rxa4
23.bxa4 Rxb1+ 24.Kf2 Bxf4 25.Bxf4 Nd3+ 26.Ke3 Nxf4 27.Kxf4 Nc5 28.Ra2 Rb6
29.a5 Ra6  0-1

[Event "Titled Tue 23rd Jul Early"]
[Site "chess.com INT"]
[Date "2024.07.23"]
[Round "2"]
[White "Nakamura,Hi"]
[Black "Gulamali,K"]
[Result "1-0"]
[WhiteElo "2802"]
[BlackElo "2216"]

1.d4 d6 2.e4 Nf6 3.Nc3 g6 4.Bg5 Bg7 5.Qd2 h6 6.Bh4 g5 7.Bg3 Nh5 8.Nge2 Nc6
9.O-O-O e5 10.d5 Ne7 11.f3 f5 12.Bf2 f4 13.g4 fxg3 14.hxg3 Nf6 15.g4 Ng6
16.Ng3 Nf4 17.Be3 Bd7 18.Bb5 c6 19.dxc6 bxc6 20.Bc4 Bf8 21.Bxf4 exf4 22.Nf5 Bxf5
23.gxf5 Nd7 24.Ne2 Ne5 25.Bb3 Qb6 26.Nd4 O-O-O 27.f6 d5 28.exd5 cxd5 29.Rhe1 Nc4
30.Bxc4 dxc4 31.Qc3 Qb4 32.Qxb4 Bxb4 33.c3 Bc5 34.Ne6 Be3+ 35.Kc2 Rde8 36.Rd6 Rh7
37.Red1 Rf7 38.Nd8 Rff8 39.f7 Kb8 40.fxe8=Q  1-0

[Event "Titled Tue 23rd Jul Late"]
[Site "chess.com INT"]
[Date "2024.07.23"]
[Round "2"]
[White "Kacharava,Nikolozi"]
[Black "Nakamura,Hi"]
[Result "0-1"]
[WhiteElo "2522"]
[BlackElo "2802"]

1.c4 g6 2.Nc3 Bg7 3.Nf3 d6 4.g3 Bd7 5.Bg2 Qc8 6.O-O Bh3 7.d4 Nc6 8.Be3 h5
9.d5 Ne5 10.Nxe5 Bxe5 11.Bd4 h4 12.f4 Bxg2 13.Kxg2 hxg3 14.hxg3 Qh3+ 15.Kf3 Bxd4
16.Qxd4 Nf6 17.Rh1 Qxh1+ 18.Rxh1 Rxh1 19.Nb5 Kd8 20.c5 Ne8 21.c6 b6 22.a4 a6
23.Nc3 Nf6 24.e4 Ke8 25.e5 Ng8 26.exd6 exd6 27.Ne4 Kf8 28.Qb4 Re8 29.Nxd6 cxd6
30.Qxd6+ Kg7 31.Qb4 Nf6 32.d6 Rd1 33.d7 Nxd7 34.cxd7 Rxd7 35.Qxb6 Rd3+ 36.Kf2 Re6  0-1

[Event "Titled Tue 23rd Jul Late"]
[Site "chess.com INT"]
[Date "2024.07.23"]
[Round "3"]
[White "Nakamura,Hi"]
[Black "Sheehan,Ethan"]
[Result "1-0"]
[WhiteElo "2802"]
[BlackElo "2311"]

1.e3 e5 2.Ne2 d5 3.Ng3 Nf6 4.d4 e4 5.c4 c6 6.f4 exf3 7.gxf3 Bd6 8.Nc3 O-O
9.Qc2 Re8 10.Bd2 dxc4 11.O-O-O b5 12.e4 Be7 13.Be3 Qa5 14.Kb1 Na6 15.Rg1 Nb4
16.Qg2 g6 17.h4 Be6 18.h5 Nd3 19.hxg6 fxg6 20.Nf5 b4 21.Nxe7+ Rxe7 22.Ne2 Nxb2
23.Nf4 Nxd1 24.Nxg6 Nc3+ 25.Ka1 Rf7 26.Nf4+ Bg4 27.Bxc4 Kf8 28.fxg4 Ncxe4
29.g5 b3 30.Qb2 Rb7 31.gxf6 Nxf6 32.d5 Qxa2+ 33.Qxa2 bxa2 34.Bc5+ Ke8 35.Kxa2 cxd5
36.Nxd5 Nxd5 37.Bxd5 Rc7 38.Rg8+ Kd7 39.Rg7+ Kc8 40.Rxc7+ Kxc7 41.Bxa8 h5
42.Bxa7 h4 43.Bg1 h3 44.Bh1 Kd6 45.Bh2+ Ke6 46.Kb3 Kf5 47.Kc3 Kg4 48.Kd4 Kh4
49.Ke5 Kg4 50.Be4 Kh4 51.Kf5 Kh5 52.Bg3 Kh6 53.Be5 Kh5 54.Bf6 Kh6 55.Bf3 h2
56.Be5 Kh7 57.Bxh2 Kh6 58.Be5 Kh7 59.Kf6 Kh6 60.Bf4+ Kh7 61.Kf7 Kh8 62.Be3 Kh7
63.Be4+ Kh8 64.Bd4+  1-0

[Event "Titled Tue 23rd Jul Early"]
[Site "chess.com INT"]
[Date "2024.07.23"]
[Round "3"]
[White "Sturt,R"]
[Black "Nakamura,Hi"]
[Result "0-1"]
[WhiteElo "2459"]
[BlackElo "2802"]

1.f4 d5 2.Nf3 g6 3.e3 Bg7 4.c4 Nf6 5.cxd5 Nxd5 6.d4 c5 7.e4 Nb6 8.d5 O-O
9.Be2 f5 10.e5 Nxd5 11.Bc4 e6 12.O-O Na6 13.Qe2 Nac7 14.a4 b6 15.Nc3 Bb7
16.Rd1 Qe7 17.a5 Rfd8 18.Be3 Bh6 19.g3 Bf8 20.Bf2 h6 21.a6 Bc6 22.Nb5 Nxb5
23.Bxb5 Bxb5 24.Qxb5 Rd7 25.Nd2 Nc7 26.Qc6 Rad8 27.Be3 Rd3 28.Kf2 Nd5 29.Nc4 Nxf4
30.gxf4 Rxd1 31.Rxd1 Rxd1 32.Nd6 Qh4+ 33.Kg2 Qg4+ 34.Kf2 Qg1+ 35.Ke2 Qf1+  0-1

[Event "Titled Tue 23rd Jul Early"]
[Site "chess.com INT"]
[Date "2024.07.23"]
[Round "4"]
[White "Nakamura,Hi"]
[Black "Xu,Yi"]
[Result "1-0"]
[WhiteElo "2802"]
[BlackElo "2496"]

1.Nf3 d5 2.e3 Nf6 3.b3 e6 4.Bb2 b6 5.c4 Bb7 6.cxd5 exd5 7.d4 Bd6 8.Nc3 a6
9.g3 Nbd7 10.Bg2 Qe7 11.a3 Ne4 12.b4 f5 13.Qb3 Ndf6 14.Ne5 g5 15.f4 g4 16.Nxe4 dxe4
17.h3 O-O-O 18.h4 Nd5 19.Kf2 Bxe5 20.dxe5 Qe6 21.Qa2 Rd7 22.Bd4 Rhd8 23.Rhc1 Kb8
24.Qc4 Qe7 25.Rab1 Nxf4 26.gxf4 Qxh4+ 27.Kf1 g3 28.e6 Re7 29.a4 Qh2 30.a5  1-0

[Event "Titled Tue 23rd Jul Late"]
[Site "chess.com INT"]
[Date "2024.07.23"]
[Round "4"]
[White "Alekseev,Evgeny"]
[Black "Nakamura,Hi"]
[Result "0-1"]
[WhiteElo "2550"]
[BlackElo "2802"]

1.e4 d5 2.exd5 Qxd5 3.Nf3 Nf6 4.d4 g6 5.c4 Qd8 6.h3 Bg7 7.Nc3 b6 8.Be2 e6
9.O-O O-O 10.Bf4 Bb7 11.Qd2 Ne4 12.Nxe4 Bxe4 13.Rad1 Nd7 14.Bh6 Bb7 15.Bxg7 Kxg7
16.Qe3 Qf6 17.Ne5 Rad8 18.Rd2 Qh4 19.Rfd1 Nf6 20.Bf3 Bxf3 21.Qxf3 Rd6 22.b4 Nd7
23.Nc6 a6 24.a4 Nb8 25.Ne5 Nd7 26.Nc6 Nf6 27.Ne5 Ng8 28.Nc6 Ne7 29.Ne5 Nf5
30.g4 Ne7 31.Kg2 f6 32.Nd3 g5 33.Re2 Ng6 34.Re4 Rfd8 35.Rde1 Rxd4 36.Rxe6 Rf8
37.Kh2 Rf7 38.c5 Nf4  0-1

[Event "Titled Tue 23rd Jul Early"]
[Site "chess.com INT"]
[Date "2024.07.23"]
[Round "5"]
[White "Mahdavi,Reza"]
[Black "Nakamura,Hi"]
[Result "0-1"]
[WhiteElo "2389"]
[BlackElo "2802"]

1.e4 d5 2.exd5 Qxd5 3.Nc3 Qa5 4.d4 c6 5.Nf3 Bf5 6.Bc4 e6 7.Bd2 Qc7 8.Qe2 Nf6
9.O-O-O Nbd7 10.Nh4 Bg6 11.Nxg6 hxg6 12.d5 cxd5 13.Nxd5 Nxd5 14.Bxd5 O-O-O
15.Bb3 Nc5 16.Bc4 Na4 17.Bb3 Nc5 18.Bc4 Bd6 19.h3 Bf4 20.Be3 Qe5 21.Rhe1 Bxe3+
22.Qxe3 Rxd1+ 23.Rxd1 Qxe3+ 24.fxe3 Nd7 25.Rd4 Ne5 26.Re4 Nd7 27.Rd4 Kc7
28.Kd2 Ne5 29.Be2 g5 30.c4 a5 31.a3 b6 32.Kc3 Nd7 33.b4 axb4+ 34.axb4 Ra8
35.Kb3 Ra1 36.Rd2 Re1 37.Ra2 Ne5 38.Kc3 f6 39.Kd2 Rb1 40.Kc3 Nc6 41.b5 Na5
42.c5 Rc1+ 43.Kb4 Rb1+ 44.Kc3 Rb3+ 45.Kd2 Rb4 46.c6 Rb1 47.Rc2 Rb3 48.Bd3 Ra3
49.Ke2 Nb3 50.Bc4 Nc5 51.Rd2 Ra4 52.Rc2 Rb4 53.Kd2 Ra4 54.Kc3 Ra3+ 55.Kd2 f5
56.Ke2 Ra4 57.Kf3 e5 58.Bd5 Rb4 59.Ra2 e4+ 60.Kg3 Na4 61.Be6 g6 62.Bf7 Kd6
63.Bxg6 Nc3 64.Rd2+ Ke5 65.Bf7 Nxb5 66.Rd5+ Kf6 67.Be8 Nc7 68.Rd6+ Ke5 69.Rd8 Rb3
70.Kf2 Rb2+ 71.Kf1 Nd5 72.Bf7 Nxe3+ 73.Ke1 Rc2 74.Be8 Nxg2+ 75.Kd1 Ne3+ 76.Ke1 f4
77.Rd2 Rxd2 78.Kxd2 Nd5 79.Ke2 Nc7 80.Kf2 b5  0-1

[Event "Titled Tue 23rd Jul Late"]
[Site "chess.com INT"]
[Date "2024.07.23"]
[Round "5"]
[White "Nakamura,Hi"]
[Black "Anton Guijarro,D"]
[Result "1-0"]
[WhiteElo "2802"]
[BlackElo "2669"]

1.e4 c5 2.d4 cxd4 3.c3 dxc3 4.Nxc3 e6 5.Nf3 a6 6.Bf4 Nc6 7.Be2 Nge7 8.Qb3 Ng6
9.Be3 b5 10.h4 Qc7 11.h5 Nf4 12.Bf1 Na5 13.Qd1 Nc4 14.Rc1 Bb4 15.Qb3 Ba5
16.Rh4 Nxe3 17.fxe3 Nxh5 18.Rxh5 Qg3+ 19.Ke2 O-O 20.Rg5 Qb8 21.Kf2 h6 22.Rh5 Bb7
23.Bd3 Bc7 24.Ne2 Rc8 25.Rch1 Bd6 26.g4 f6 27.Ned4 Re8 28.Bb1 Bg3+ 29.Kg2 d5
30.exd5 Bxd5 31.Rxd5 exd5 32.Qxd5+ Kh8 33.Qf5 Kg8 34.Qh7+ Kf8 35.Nf5  1-0

[Event "Titled Tue 23rd Jul Early"]
[Site "chess.com INT"]
[Date "2024.07.23"]
[Round "6"]
[White "Nakamura,Hi"]
[Black "Paravyan,D"]
[Result "1/2-1/2"]
[WhiteElo "2802"]
[BlackElo "2608"]

1.e4 e5 2.Bc4 Nf6 3.d3 Bc5 4.Nc3 O-O 5.Qf3 d6 6.Nge2 c6 7.h3 b5 8.Bb3 a5
9.a3 Be6 10.Ba2 Bxa2 11.Nxa2 Ne8 12.c3 Ra7 13.d4 Bb6 14.Be3 Nd7 15.Rd1 Qe7
16.Ng3 g6 17.Bh6 Ng7 18.O-O Re8 19.Rfe1 Qh4 20.Be3 exd4 21.Bxd4 Bxd4 22.cxd4 Ne6
23.Nc1 c5 24.Nce2 cxd4 25.Nxd4 Nxd4 26.Rxd4 Ne5 27.Qb3 Qf6 28.Qxb5 Rc8 29.Rd2 Qg5
30.Qe2 Rac7 31.Red1 Rc1 32.Nf1 Qf4 33.Rxd6 R8c2 34.Qe3 Qxe3 35.Nxe3 Rxd1+
36.Nxd1 Nc4 37.Rc6 Rc1 38.Kh2 Rxd1 39.Rxc4 Rd2 40.f3 Rxb2 41.Rc5 a4 42.Rc4 h5
43.h4 Kg7 44.Rxa4 Ra2 45.Ra7 Kf6 46.Kg3 Kg7 47.a4 Kf6 48.a5 Ke6 49.a6 Kf6
50.Ra8 Ke5 51.a7 Kf6 52.f4 Ra3+ 53.Kf2 Kg7 54.e5 Ra2+ 55.Ke3 Ra1 56.Kd4 Ra2
57.g3 Ra1 58.Kc5 Ra2 59.Kd6 Ra1 60.Ke7 Ra6 61.Kd7 Ra3 62.e6 fxe6 63.Kxe6 Ra6+
64.Ke7 Ra1 65.Kd6 Ra6+ 66.Kd5 Ra1 67.Ke4 Ra2 68.Ke5 Ra5+ 69.Kd4 Ra1 70.Ke3 Ra3+
71.Ke4 Ra5 72.f5 gxf5+ 73.Kf4 Kh7 74.Ke3 Kg7 75.Kd3 Ra4 76.Kc3 Ra1 77.Kd4 Ra5
78.Kc4 Ra1 79.Kd5 Ra5+ 80.Ke6 Ra1 81.Kxf5 Ra3 82.Kf4 Kh7 83.Ke4 Kg7 84.Kd5 Kh7
85.Ke6 Kg7 86.Rd8 Ra6+ 87.Rd6 Rxa7 88.Rd7+ Rxd7 89.Kxd7 Kf7 90.Kd6 Kf6 91.Kd5 Kf5
92.Kd4 Kg4 93.Ke3 Kxg3 94.Ke2 Kxh4 95.Kf1 Kg4 96.Kg1 h4 97.Kh1 h3 98.Kg1 h2+
99.Kh1 Kf4 100.Kxh2  1/2-1/2

[Event "Titled Tue 23rd Jul Late"]
[Site "chess.com INT"]
[Date "2024.07.23"]
[Round "6"]
[White "Bortnyk,Olexandr"]
[Black "Nakamura,Hi"]
[Result "1-0"]
[WhiteElo "2608"]
[BlackElo "2802"]

1.d4 Nf6 2.Nc3 d5 3.Bf4 a6 4.e3 h6 5.Nf3 e6 6.a3 c5 7.dxc5 Bxc5 8.Bd3 b6
9.e4 Bb7 10.e5 Nfd7 11.O-O g5 12.Bg3 Nc6 13.Re1 g4 14.Nh4 Qg5 15.Nxd5 exd5
16.e6 Nf6 17.b4 Bd4 18.exf7+ Kxf7 19.Nf5 Bxa1 20.Bh4 Qxf5 21.Bxf5 Bc3 22.Re6 Rae8
23.Bxf6 Bxf6 24.Qxg4 Rxe6 25.Bxe6+ Ke7 26.Bxd5 Bc8 27.Qe4+ Ne5 28.f4 Kd6
29.fxe5+ Bxe5 30.c4 Re8 31.Qg6+ Ke7 32.g3 Bh3 33.Qxh6 Bd4+ 34.Kh1 Bd7 35.Qh7+ Kd6
36.Qh6+ Kc7 37.Qf4+ Be5 38.Qf3 Bd6 39.h4 Re1+ 40.Kg2 Ra1 41.c5 bxc5 42.bxc5 Bxc5
43.Qc3 Rg1+ 44.Kh2 Kd6 45.Bb7 Rd1 46.Bf3 Rd4 47.h5 Bf5 48.h6 Bh7 49.Qb2 Bf5
50.Qb8+ Ke6 51.Qc8+ Kd6 52.Qxf5  1-0

[Event "Titled Tue 23rd Jul Late"]
[Site "chess.com INT"]
[Date "2024.07.23"]
[Round "7"]
[White "Nakamura,Hi"]
[Black "Zhigalko,S"]
[Result "1-0"]
[WhiteElo "2802"]
[BlackElo "2572"]

1.e4 c5 2.d4 cxd4 3.c3 Nf6 4.e5 Nd5 5.Qxd4 e6 6.Nf3 Nc6 7.Qe4 b6 8.Bb5 Bb7
9.Qe2 a6 10.Bc4 Nde7 11.h4 Qc7 12.h5 b5 13.Bb3 Nf5 14.Bc2 Be7 15.Nbd2 Ncd4
16.Qd3 Nxc2+ 17.Qxc2 O-O 18.O-O Rac8 19.Qd3 d6 20.exd6 Bxd6 21.Ne4 Bf4 22.Bxf4 Qxf4
23.Rfe1 Rfd8 24.Qe2 h6 25.Nfd2 Nd6 26.Nxd6 Rxd6 27.Nf1 Rcd8 28.Rad1 Bd5 29.Rd4 Qg5
30.Rg4 Qf6 31.Ng3 Bc6 32.Nf1 Bd5 33.b3 Qxc3 34.Rg3 Qf6 35.Ne3 Bc6 36.Ng4 Qg5
37.Ne5 Qf5 38.Qe3  1-0

[Event "Titled Tue 23rd Jul Early"]
[Site "chess.com INT"]
[Date "2024.07.23"]
[Round "7"]
[White "Kamsky,G"]
[Black "Nakamura,Hi"]
[Result "1/2-1/2"]
[WhiteElo "2615"]
[BlackElo "2802"]

1.e4 d5 2.exd5 Qxd5 3.Nc3 Qa5 4.Bc4 c6 5.d3 Bf5 6.Ne2 e6 7.O-O Nf6 8.Qe1 Be7
9.Nd5 Qxe1 10.Nxf6+ Bxf6 11.Rxe1 Nd7 12.Ng3 Bg6 13.Ne4 Be7 14.a4 Nf6 15.Bf4 O-O-O
16.Nxf6 gxf6 17.Be3 Kb8 18.a5 Bd6 19.c3 h5 20.h4 Bc7 21.d4 a6 22.g3 Rd7 23.Be2 Kc8
24.Bf3 Bb8 25.Kh2 Ba7 26.Kg2 Kb8 27.b4 Ka8 28.Bf4 Rhd8 29.Ra2 Bb8 30.Bxb8 Kxb8
31.Be4 Bxe4+ 32.Rxe4 f5  1/2-1/2

[Event "Titled Tue 23rd Jul Late"]
[Site "chess.com INT"]
[Date "2024.07.23"]
[Round "8"]
[White "Paravyan,D"]
[Black "Nakamura,Hi"]
[Result "1/2-1/2"]
[WhiteElo "2608"]
[BlackElo "2802"]

1.e4 d5 2.exd5 Qxd5 3.Nc3 Qa5 4.Rb1 c5 5.Nf3 Nc6 6.Bb5 Bd7 7.O-O a6 8.Bxc6 Bxc6
9.Ne5 Qc7 10.d4 Rd8 11.Nxc6 bxc6 12.Qe2 cxd4 13.Ne4 a5 14.Bg5 Rd5 15.b4 axb4
16.Rxb4 e6 17.Ra4 Be7 18.Ra8+ Rd8 19.Rxd8+ Qxd8 20.Qa6 Bxg5 21.Qxc6+ Kf8
22.Nxg5 Qxg5 23.Qd6+ Qe7 24.Qb8+ Qe8 25.Qd6+ Qe7 26.Qb8+ Qe8 27.Qd6+ Qe7  1/2-1/2